Rozbor ekonomickej základne, životnej úrovne obyvateľstva a návrh na ďalší rozvoj okresu Bardejov

Bibliographic Details
Format: Book
Language:Slovak
PhysicalDescription:121, 131 l., [8] mp. príl. 4°
Published: Bardejov Okresný národný výbor 1967
Edition:[1.] vyd.
Subjects:

MARC

LEADER 00000cam a2200000 a 4500
001 vtls010616258
003 SK-MaSNL
005 20260301142506.0
008 250312s1967 xo b f 000 0 slo
020 |q (brož.) 
035 |a C7155A3C-418D-4E6C-8DDC-FF43A9A6E334 
035 |a urn:nbn:sk:snk-amjz8h 
035 |a urn:nbn:sk:snk-am007yae 
035 |a urn:nbn:sk:snk-am00910v 
035 |a 299CA05D-CFC8-497C-8D62-4C0AD928D9DC 
040 |a SNK  |b slo  |c SNK  |e AACR2 
041 0 |a slo 
044 |a xo  |c SK 
080 |a 339.452(437.6-3)  |2 1981 
080 |a 33(437.6-3)  |2 1981 
245 0 0 |a Rozbor ekonomickej základne, životnej úrovne obyvateľstva a návrh na ďalší rozvoj okresu Bardejov 
250 |a [1.] vyd. 
260 |a Bardejov  |b Okresný národný výbor  |c 1967 
300 |a 121, 131 l., [8] mp. príl.  |c 4° 
650 0 7 |a životná úroveň  |2 SNKPH  |9 2211 
650 0 7 |a ekonomický rozvoj  |2 SNKPH  |9 49952 
651 7 |a Bardejov (Slovensko : okres)  |2 SNKPH  |9 28620 
655 7 |a analýzy  |2 SNKPH  |9 22242 
852 |a Slovenská národná knižnica 
958 |a OND 
999 |c 770395  |d 772325 
952 |a SNK  |b SNK  |y PREZ  |7 0  |p 17A0972350  |o snkSB 28656  |i snkD 168/80  |8 1  |0 0  |1 0  |4 0  |d 2014-08-26  |f 1  |l 0  |r 2026-02-24 00:33:01  |w 2026-02-24 
952 |a SNK  |b SNK  |y PREZ  |7 0  |p 17A0972351  |o snkSB 28656/príl.  |0 0  |1 0  |4 0  |d 2014-08-26  |f 1  |l 0  |r 2026-02-24 00:33:01  |w 2026-02-24